Průzkum podnikového trhu práce jako nástroj personálního řízení. 1

Podnikový trh práce a jeho význam. Spádové územie podniku a jeho vymedzenie. Zóny spádového územia. Retrospektívne vymedzenie spádového územia. Vymedzenie spádového územia podniku a jeho zón podľa údajov podnikovej evidencie pracovníkov a údajov sčítania ľudu.

Enregistré dans:
Détails bibliographiques
Auteur principal: Koubek, Josef
Format: Chapitre de livre
Langue:tchèque
Sujets:
Tags: Ajouter un tag
Pas de tags, Soyez le premier à ajouter un tag!

MARC

LEADER 00000naa a2200000 4500
001 r022402
005 20230913070208.4
041 0 |a cze 
044 |a CZ 
245 1 0 |a Průzkum podnikového trhu práce jako nástroj personálního řízení. 1  |c Josef Koubek 
520 |a Podnikový trh práce a jeho význam. Spádové územie podniku a jeho vymedzenie. Zóny spádového územia. Retrospektívne vymedzenie spádového územia. Vymedzenie spádového územia podniku a jeho zón podľa údajov podnikovej evidencie pracovníkov a údajov sčítania ľudu. 
610 2 0 |a trh práce 
610 2 0 |a podnik 
610 2 0 |a manažment personálny 
610 2 0 |a politika zamestnanosti 
610 2 0 |a zdroje pracovné 
610 2 0 |a príležitosť pracovná 
610 2 0 |a obce 
610 2 0 |a politika podniková 
610 2 0 |a sčítanie ľudu 
100 1 |a Koubek, Josef